<?xml version="1.0" encoding="UTF-8"?>
<record
    xmlns:xsi="http://www.w3.org/2001/XMLSchema-instance"
    xsi:schemaLocation="http://www.loc.gov/MARC21/slim http://www.loc.gov/standards/marcxml/schema/MARC21slim.xsd"
    xmlns="http://www.loc.gov/MARC21/slim">

  <leader>01890nabaa22002177a 4500</leader>
  <datafield tag="999" ind1=" " ind2=" ">
    <subfield code="c">6165</subfield>
    <subfield code="d">6165</subfield>
  </datafield>
  <controlfield tag="003">OSt</controlfield>
  <controlfield tag="005">20260123205715.0</controlfield>
  <controlfield tag="008">190701b        xxu||||| |||| 00| 0 spa d</controlfield>
  <datafield tag="040" ind1=" " ind2=" ">
    <subfield code="c">PJ</subfield>
  </datafield>
  <datafield tag="100" ind1=" " ind2=" ">
    <subfield code="9">6878</subfield>
    <subfield code="a">Garda, Juan B. </subfield>
  </datafield>
  <datafield tag="245" ind1="1" ind2="0">
    <subfield code="a">Un foro de principios para la "teor&#xED;a general del contrato administrativo" /</subfield>
    <subfield code="b">Juan B. Garda. </subfield>
  </datafield>
  <datafield tag="300" ind1=" " ind2=" ">
    <subfield code="a">p. 146-189</subfield>
  </datafield>
  <datafield tag="500" ind1=" " ind2=" ">
    <subfield code="a">Cita: TR LALEY AR/DOC/446/2024 </subfield>
  </datafield>
  <datafield tag="505" ind1=" " ind2=" ">
    <subfield code="a">Sumario: I. Introducci&#xF3;n.&#x2014; II. El contrato administrativo. Origen.&#x2014; III. El contrato como especie de "acto administrativo".&#x2014; IV. Perspectivas contrarias a la categor&#xED;a jur&#xED;dica. Especial referencia a la tesis de Mairal.&#x2014; V. Distintos criterios para su conceptualizaci&#xF3;n (teor&#xED;as del contrato administrativo). Postura adoptada al respecto por la CSJN.&#x2014; VI. El triple efecto jur&#xED;dico y la cu&#xE1;druple clasificaci&#xF3;n del instituto. Contratos regidos parcialmente por el derecho privado.&#x2014; VII. Ecuaci&#xF3;n econ&#xF3;mica financiera contractual: conceptualizaci&#xF3;n t&#xE9;cnica y formas de violentarla.&#x2014; VIII. La teor&#xED;a de la invalidez administrativa y su fuerza expansiva a la categor&#xED;a contrato administrativo.&#x2014; IX. Plazo de caducidad y contratos administrativos.&#x2014; X. Doctrina de la CSJN sobre "inexistencia contractual" ante omisi&#xF3;n de licitaci&#xF3;n p&#xFA;blica exigida por ley. An&#xE1;lisis cr&#xED;tico.&#x2014; XI. Extinci&#xF3;n del contrato administrativo. Supuestos normales y anormales.&#x2014; XII. Consideraciones finales.&#x2014; XIII. Bibliograf&#xED;a complementaria (por orden alfab&#xE9;tico). </subfield>
  </datafield>
  <datafield tag="505" ind1=" " ind2=" ">
    <subfield code="t">&#xBF;Te interesa el texto completo? Comunicate al correo: koha@justierradelfuego.gov.ar</subfield>
  </datafield>
  <datafield tag="650" ind1=" " ind2="0">
    <subfield code="9">211</subfield>
    <subfield code="a">DERECHO ADMINISTRATIVO</subfield>
  </datafield>
  <datafield tag="650" ind1=" " ind2="0">
    <subfield code="9">1170</subfield>
    <subfield code="a">CONTRATOS ADMINISTRATIVOS</subfield>
  </datafield>
  <datafield tag="650" ind1=" " ind2="0">
    <subfield code="9">1057</subfield>
    <subfield code="a">JURISPRUDENCIA APLICABLE</subfield>
  </datafield>
  <datafield tag="773" ind1="0" ind2=" ">
    <subfield code="0">2842</subfield>
    <subfield code="9">3251</subfield>
    <subfield code="d">Buenos Aires : AbeledoPerrot, 2012-</subfield>
    <subfield code="o">DA121</subfield>
    <subfield code="t">Derecho administrativo. N&#xBA; 152 marzo/abril 2024</subfield>
    <subfield code="z">18510590</subfield>
  </datafield>
  <datafield tag="942" ind1=" " ind2=" ">
    <subfield code="2">udc</subfield>
    <subfield code="c">ANA</subfield>
  </datafield>
</record>
